<?xml version="1.0" encoding="UTF-8"?>
<record
    xmlns:xsi="http://www.w3.org/2001/XMLSchema-instance"
    xsi:schemaLocation="http://www.loc.gov/MARC21/slim http://www.loc.gov/standards/marcxml/schema/MARC21slim.xsd"
    xmlns="http://www.loc.gov/MARC21/slim">

  <leader>00864nam a22002177a 4500</leader>
  <controlfield tag="005">20150708115319.0</controlfield>
  <controlfield tag="008">140714b        xxu||||| |||| 00| 0 Urdu d</controlfield>
  <datafield tag="010" ind1=" " ind2=" ">
    <subfield code="a">UR-9177</subfield>
  </datafield>
  <datafield tag="020" ind1=" " ind2=" ">
    <subfield code="c">200.00</subfield>
    <subfield code="a">9789383882250</subfield>
  </datafield>
  <datafield tag="035" ind1=" " ind2=" ">
    <subfield code="a">U-7732</subfield>
  </datafield>
  <datafield tag="037" ind1=" " ind2=" ">
    <subfield code="b">BPPD/Pub/Ven</subfield>
  </datafield>
  <datafield tag="040" ind1=" " ind2=" ">
    <subfield code="a">DPL</subfield>
    <subfield code="b">Urdu</subfield>
  </datafield>
  <datafield tag="082" ind1=" " ind2=" ">
    <subfield code="a">270.54</subfield>
  </datafield>
  <datafield tag="100" ind1=" " ind2=" ">
    <subfield code="a">&#x645;&#x631; &#x62A;&#x628;&#x6C1; :&#x645;&#x6A9;&#x631; &#x645; &#x6C1;&#x627; &#x62F; &#x6CC; &#x639;&#x644;&#x6CC; &#x686;&#x648; &#x6C1;&#x62F; &#x631; &#x6CC; &#x635;&#x627; &#x62D;&#x628;</subfield>
  </datafield>
  <datafield tag="245" ind1=" " ind2=" ">
    <subfield code="a">&#x62F; &#x648; &#x631; &#x6C1; &#x642;&#x627; &#x62F; &#x64A;&#x627; &#x646;1991&#x621;&#x62D;&#x636;&#x631; &#x62A; &#x62E;&#x644;&#x64A;&#x641;&#x62A;&#x6C1; &#x627; &#x644;&#x645;&#x633;&#x64A;&#x62D; &#x627; &#x644;&#x631; &#x627; &#x628;&#x639;</subfield>
    <subfield code="c">&#x645;&#x631; &#x62A;&#x628;&#x6C1; :&#x645;&#x6A9;&#x631; &#x645; &#x6C1;&#x627; &#x62F; &#x6CC; &#x639;&#x644;&#x6CC; &#x686;&#x648; &#x6C1;&#x62F; &#x631; &#x6CC; &#x635;&#x627; &#x62D;&#x628;</subfield>
  </datafield>
  <datafield tag="246" ind1=" " ind2="h">
    <subfield code="a">Daura Qadian 1991</subfield>
    <subfield code="b">By Hadhrat Khalifatul Masih IV (ra)</subfield>
  </datafield>
  <datafield tag="260" ind1=" " ind2=" ">
    <subfield code="b">Nazarat Nashr-o-Ashaat Sadar Anjuman Ahmadia Qadian</subfield>
    <subfield code="c">2014</subfield>
    <subfield code="a">Punjab</subfield>
  </datafield>
  <datafield tag="270" ind1=" " ind2=" ">
    <subfield code="a">Zila Gurudass Pur,</subfield>
    <subfield code="b">Punjab</subfield>
    <subfield code="k"> -</subfield>
    <subfield code="e">143516</subfield>
  </datafield>
  <datafield tag="300" ind1=" " ind2=" ">
    <subfield code="a">267+21&#x635;</subfield>
    <subfield code="c">22Cm (Hb)</subfield>
  </datafield>
  <datafield tag="942" ind1=" " ind2=" ">
    <subfield code="2">ddc</subfield>
    <subfield code="c">UR</subfield>
    <subfield code="e"> </subfield>
    <subfield code="h">270.54</subfield>
    <subfield code="m">&#x642; &#x627; &#x62F;</subfield>
  </datafield>
  <datafield tag="999" ind1=" " ind2=" ">
    <subfield code="c">94730</subfield>
    <subfield code="d">94730</subfield>
  </datafield>
  <datafield tag="952" ind1=" " ind2=" ">
    <subfield code="0">0</subfield>
    <subfield code="1">0</subfield>
    <subfield code="2">ddc</subfield>
    <subfield code="4">0</subfield>
    <subfield code="7">1</subfield>
    <subfield code="8">NFIC</subfield>
    <subfield code="a">DBAD</subfield>
    <subfield code="b">DBAD</subfield>
    <subfield code="d">2015-07-08</subfield>
    <subfield code="e">DBAD/Pub.</subfield>
    <subfield code="g">200.00</subfield>
    <subfield code="l">0</subfield>
    <subfield code="o">270.54 &#x642; &#x627; &#x62F;</subfield>
    <subfield code="p">U-7732</subfield>
    <subfield code="r">2015-07-08 00:00:00</subfield>
    <subfield code="t">1</subfield>
    <subfield code="v">200.00</subfield>
    <subfield code="w">2015-07-08</subfield>
    <subfield code="y">UR</subfield>
  </datafield>
</record>
